Biblioteca

Oscuro, muy oscuro / Ruth Brown (Registro nro. 48781)

Detalles MARC
000 -LÍDER
Campo fijo de descripción fija 003100000a22001450004500
020 ## - NÚMERO INTERNACIONAL NORMALIZADO PARA LIBROS
Número Internacional Normalizado del libro 978-970-777-336-3
082 04 - NÚMERO DE CLASIFICACIÓN DECIMAL DEWEY
Número de clasificación G CC B877o
001 - NÚMERO DE CONTROL
Campo de control 1623
100 1# - ASIENTO PRINCIPAL--NOMBRE PERSONAL
Nombre personal Brown, Ruth
245 10 - TÍTULO
Título del Material Oscuro, muy oscuro / Ruth Brown
250 ## - MENCIÓN DE EDICIÓN
Mención de edición 1a ed.
260 ## - PUBLICACIÓN, DISTRIBUCIÓN, ETC. (PIE DE IMPRENTA)
Lugar de publicación, distribución, etc. México : Océano
300 ## - DESCRIPCIÓN FÍSICA
Extensión [28 P.]
942 ## - TIPO DE MATERIAL (KOHA)
Tipo de Item KOHA Z- Libro General BINCO
Existencias
Estado de Material Estado de Perdido Volumen-Parte/Tomo Estado de Dañado No para Préstamo Tomo Biblioteca de Origen Biblioteca Permanente Fecha de Adquisición Total de Préstamos Signatura Topográfica Código de Barras Última vez visto Ejemplar/Existencia Fecha de Remplazo Tipo de Material
            Biblioteca Infantil Comunitaria BINCO Biblioteca Infantil Comunitaria BINCO 07/10/2008   G CC B877o B32354 24/11/2016 1 26/01/2016 Z- Libro General BINCO

Biblioteca FUSBC | Teléfono: (57+4) 349 88 10 Ext. 141| WhatsApp (+57) 3005338115 
E-mail: biblioteca@unisbc.edu.co | Calle 76 87-14 Robledo Palenque, Medellín, Colombia

Con tecnología Koha